00636nam a2200205 i 450000100060000000300090000600500170001500700030003200800410003502000180007610000250009424501010011925000130022026000330023330000220026649000480028850000130033683000480034985200330039773050ES-MaACL20230906171643.0t|040906s1983 fr ||||1| fre d a2-7116-0311-31 aGoldschmidt, Victor.10aAnthropologie et politique b: les pincipes du système de Rousseau / cpar Victor Goldschmidt. a2eme ed. aParís : bJ. Vrin, c1983. a803 p. ; c22 cm.1 aBibliothèque d'histoire de la philosophie aIndices.0 aBibliothèque d'histoire de la philosophie aES-MaACLjL-11542 bR.113414